Keeping the promise (Record no. 176028)

MARC details
000 -LEADER
fixed length control field 00549nam a2200193Ia 4500
003 - CONTROL NUMBER IDENTIFIER
control field OSt
005 - DATE AND TIME OF LATEST TRANSACTION
control field 20251105190811.0
008 - FIXED-LENGTH DATA ELEMENTS--GENERAL INFORMATION
fixed length control field 210423s2011 xx 000 0 und d
040 ## - CATALOGING SOURCE
Transcribing agency AL
041 ## - LANGUAGE CODE
Language code of text/sound track or separate title English
082 ## - DEWEY DECIMAL CLASSIFICATION NUMBER
Classification number 362.19
Item number VHAK
245 ## - TITLE STATEMENT
Title Keeping the promise
Remainder of title : two decades of Indias fight with AIDS
260 ## - PUBLICATION, DISTRIBUTION, ETC.
Place of publication, distribution, etc. New Delhi
Name of publisher, distributor, etc. VHAI
Date of publication, distribution, etc. 2011
300 ## - PHYSICAL DESCRIPTION
Extent 115p.
Other physical details PB
Dimensions 24x18cm.
365 ## - TRADE PRICE
Currency code INR
650 ## - SUBJECT ADDED ENTRY--TOPICAL TERM
Topical term or geographic name entry element Social Problems & Services
9 (RLIN) 120785
906 ## - LOCAL DATA ELEMENT F, LDF (RLIN)
a AIDS ; decades ; fight ; Indias ; Keeping ; promise: ; two
942 ## - ADDED ENTRY ELEMENTS (KOHA)
Source of classification or shelving scheme Dewey Decimal Classification
Koha item type Book
Holdings
Withdrawn status Lost status Damaged status Not for loan Collection code Home library Current library Date acquired Source of acquisition Total Checkouts Full call number Barcode Date last seen Date last checked out Price effective from Koha item type
        MSW St Aloysius PG Library St Aloysius PG Library 03/05/2012 VHAI 1 362.19 VHAK PG022731 03/14/2026 03/09/2026 04/26/2021 Book